000
00228 a2200097 4500
001
34961
100
_a
Chopra
245
_a
Genesis of Indo Pak Conflict on Kashmir
260
_a
ND
_b
Patriot Publishers
_c
090
_c
23123
_d
23123
942
_a
NUST-CAE
_c
M
_c
14585
999
_c
270034
_d
270034